[Event "DEM U14 2021"]
[Site "Willingen GER"]
[Date "2021.08.25"]
[Round "4"]
[White "Deuer, Marius"]
[Black "Heinrich, John"]
[Result "1/2-1/2"]
[Termination "normal"]
[Board "2"]
[WhiteTitle "FM"]
[WhiteElo "2163"]
[BlackElo "1911"]
[WhiteClock "00:04:49"]
[BlackClock "00:14:18"]
[PlyCount "101"]
[WhiteFideId "16236432"]
[BlackFideId "16259491"]
[EventCountry "GER"]
[EventRounds "9"]
[EventType "swiss"]
[EventDate "2021.08.22"]

1. d4 {[%clk 1:30:59]} Nf6 {[%clk 1:30:49]} 2. c4 {[%clk 1:31:27]} e6 {[%clk
1:31:06]} 3. Nc3 {[%clk 1:31:52]} Bb4 {[%clk 1:31:19]} 4. e3 {[%clk 1:32:18]}
O-O {[%clk 1:29:15]} 5. Nge2 {[%clk 1:32:43]} d5 {[%clk 1:27:12]} 6. a3 {[%clk
1:32:39]} Be7 {[%clk 1:25:04]} 7. cxd5 {[%clk 1:32:41]} exd5 {[%clk 1:25:20]}
8. Nf4 {[%clk 1:33:07]} c6 {[%clk 1:24:09]} 9. Bd3 {[%clk 1:33:11]} Bd6 {[%clk
1:22:42]} 10. O-O {[%clk 1:33:32]} Re8 {[%clk 1:20:31]} 11. f3 {[%clk 1:31:37]}
Qc7 {[%clk 1:19:03]} 12. g3 {[%clk 1:20:15]} Bxf4 {[%clk 1:11:46]} 13. exf4
{[%clk 1:08:51]} c5 {[%clk 1:08:00]} 14. f5 {[%clk 1:06:53]} Bd7 {[%clk
1:02:50]} 15. Bg5 {[%clk 1:03:21]} cxd4 {[%clk 1:00:37]} 16. Ne2 {[%clk
0:46:49]} Nc6 {[%clk 0:53:05]} 17. b4 {[%clk 0:45:00]} Ne5 {[%clk 0:40:37]} 18.
Bxf6 {[%clk 0:29:27]} gxf6 {[%clk 0:40:59]} 19. Nf4 {[%clk 0:29:26]} Qb6 {[%clk
0:34:47]} 20. Nxd5 {[%clk 0:25:51]} Qd6 {[%clk 0:34:59]} 21. Be4 {[%clk
0:26:04]} Bb5 {[%clk 0:24:57]} 22. Qxd4 {[%clk 0:25:35]} Bxf1 {[%clk 0:24:42]}
23. Rxf1 {[%clk 0:26:03]} Kg7 {[%clk 0:20:19]} 24. Rd1 {[%clk 0:20:35]} Nc6
{[%clk 0:18:29]} 25. Qc3 {[%clk 0:19:40]} Rad8 {[%clk 0:17:05]} 26. Kg2 {[%clk
0:18:41]} Ne7 {[%clk 0:14:30]} 27. Ne3 {[%clk 0:15:40]} Qb6 {[%clk 0:14:17]}
28. Rb1 {[%clk 0:10:39]} Rc8 {[%clk 0:13:36]} 29. Qb3 {[%clk 0:09:16]} Red8
{[%clk 0:12:34]} 30. Kh3 {[%clk 0:07:37]} Qc7 {[%clk 0:12:04]} 31. Rd1 {[%clk
0:06:28]} Rxd1 {[%clk 0:12:01]} 32. Qxd1 {[%clk 0:06:56]} Qc3 {[%clk 0:09:45]}
33. Ng2 {[%clk 0:07:08]} b6 {[%clk 0:08:18]} 34. Nf4 {[%clk 0:07:10]} Kf8
{[%clk 0:07:09]} 35. Nh5 {[%clk 0:06:13]} Qe5 {[%clk 0:06:21]} 36. Qd7 {[%clk
0:05:37]} a5 {[%clk 0:04:48]} 37. b5 {[%clk 0:05:15]} h6 {[%clk 0:04:12]} 38.
g4 {[%clk 0:05:01]} Kg8 {[%clk 0:04:06]} 39. a4 {[%clk 0:02:43]} Kh7 {[%clk
0:03:17]} 40. Qd2 {[%clk 0:00:46]} Qa1 {[%clk 0:01:12]} 41. Kh4 {[%clk
0:18:17]} Ng8 {[%clk 0:23:27]} 42. Qd7 {[%clk 0:16:32]} Rf8 {[%clk 0:21:24]}
43. Bd5 {[%clk 0:09:30]} Qe1+ {[%clk 0:21:14]} 44. Ng3 {[%clk 0:09:49]} Qe7
{[%clk 0:20:10]} 45. Qc6 {[%clk 0:09:45]} Rd8 {[%clk 0:19:54]} 46. Qc4 {[%clk
0:06:21]} Rd7 {[%clk 0:17:57]} 47. Kh3 {[%clk 0:06:24]} Rc7 {[%clk 0:16:25]}
48. Bc6 {[%clk 0:06:14]} Qb4 {[%clk 0:15:18]} 49. Qa2 {[%clk 0:06:24]} Qd4
{[%clk 0:14:11]} 50. Bd5 {[%clk 0:04:49]} Kg7 {[%clk 0:14:18]} 51. Ne4 1/2-1/2

[Event "DEM U14 2021"]
[Site "Willingen GER"]
[Date "2021.08.25"]
[Round "4"]
[White "Bakiev, Diyor"]
[Black "Hänselmann, Hendrik"]
[Result "1-0"]
[Termination "normal"]
[Board "3"]
[WhiteElo "2119"]
[BlackElo "1859"]
[WhiteClock "00:13:03"]
[BlackClock "00:04:49"]
[PlyCount "71"]
[WhiteFideId "16241584"]
[BlackFideId "16232755"]
[EventCountry "GER"]
[EventRounds "9"]
[EventType "swiss"]
[EventDate "2021.08.22"]

1. e4 {[%clk 1:30:58]} c5 {[%clk 1:30:57]} 2. Nf3 {[%clk 1:31:22]} e6 {[%clk
1:31:23]} 3. c3 {[%clk 1:31:49]} Nf6 {[%clk 1:31:35]} 4. Bd3 {[%clk 1:32:15]}
d5 {[%clk 1:28:50]} 5. e5 {[%clk 1:32:30]} Nfd7 {[%clk 1:28:54]} 6. Bc2 {[%clk
1:32:31]} Be7 {[%clk 1:28:17]} 7. d4 {[%clk 1:32:47]} O-O {[%clk 1:27:07]} 8.
O-O {[%clk 1:33:01]} Nc6 {[%clk 1:26:22]} 9. a3 {[%clk 1:26:14]} b6 {[%clk
1:25:07]} 10. Qd3 {[%clk 1:24:01]} g6 {[%clk 1:25:01]} 11. b4 {[%clk 1:23:28]}
Bb7 {[%clk 1:20:12]} 12. Bh6 {[%clk 1:19:48]} Re8 {[%clk 1:20:25]} 13. Qe3
{[%clk 1:18:26]} Bf8 {[%clk 1:15:01]} 14. h4 {[%clk 1:11:19]} Bg7 {[%clk
1:09:20]} 15. h5 {[%clk 1:05:29]} Rc8 {[%clk 1:05:27]} 16. Bd3 {[%clk 0:58:29]}
Ne7 {[%clk 0:45:17]} 17. g4 {[%clk 0:49:00]} Nc6 {[%clk 0:41:15]} 18. Nbd2
{[%clk 0:40:56]} Nf8 {[%clk 0:24:29]} 19. Bxg7 {[%clk 0:32:20]} Kxg7 {[%clk
0:24:24]} 20. Kg2 {[%clk 0:30:42]} Qe7 {[%clk 0:21:58]} 21. Rh1 {[%clk
0:28:36]} Rc7 {[%clk 0:20:34]} 22. Rh2 {[%clk 0:25:04]} Rd8 {[%clk 0:12:49]}
23. Rah1 {[%clk 0:23:00]} Bc8 {[%clk 0:11:12]} 24. hxg6 {[%clk 0:19:22]} fxg6
{[%clk 0:11:16]} 25. Ng5 {[%clk 0:16:02]} Kg8 {[%clk 0:09:36]} 26. Nxh7 {[%clk
0:14:34]} Nxh7 {[%clk 0:09:34]} 27. Bxg6 {[%clk 0:14:39]} Rdd7 {[%clk 0:06:13]}
28. Bxh7+ {[%clk 0:13:30]} Qxh7 {[%clk 0:04:56]} 29. Rxh7 {[%clk 0:13:49]} Rxh7
{[%clk 0:05:16]} 30. Rxh7 {[%clk 0:13:05]} Kxh7 {[%clk 0:05:19]} 31. dxc5
{[%clk 0:13:10]} bxc5 {[%clk 0:05:11]} 32. Qxc5 {[%clk 0:13:29]} Bb7 {[%clk
0:05:09]} 33. b5 {[%clk 0:12:37]} d4 {[%clk 0:04:40]} 34. bxc6 {[%clk 0:12:39]}
Bxc6+ {[%clk 0:04:46]} 35. Kg3 {[%clk 0:12:53]} d3 {[%clk 0:04:49]} 36. Qd6
{[%clk 0:13:03]} 1-0

[Event "DEM U14 2021"]
[Site "Willingen GER"]
[Date "2021.08.25"]
[Round "4"]
[White "Krüger, Arthur"]
[Black "Ohler, Julius"]
[Result "0-1"]
[Termination "normal"]
[Board "4"]
[WhiteElo "1643"]
[BlackElo "2014"]
[WhiteClock "00:29:42"]
[BlackClock "00:30:18"]
[PlyCount "42"]
[WhiteFideId "16244966"]
[BlackFideId "16238982"]
[EventCountry "GER"]
[EventRounds "9"]
[EventType "swiss"]
[EventDate "2021.08.22"]

1. e4 {[%clk 1:30:56]} c6 {[%clk 1:30:57]} 2. d4 {[%clk 1:31:13]} d5 {[%clk
1:31:24]} 3. e5 {[%clk 1:31:37]} Bf5 {[%clk 1:31:49]} 4. Nf3 {[%clk 1:31:54]}
e6 {[%clk 1:31:59]} 5. Be2 {[%clk 1:31:03]} Nd7 {[%clk 1:30:03]} 6. O-O {[%clk
1:28:35]} Ne7 {[%clk 1:28:47]} 7. Be3 {[%clk 1:21:02]} h6 {[%clk 1:20:02]} 8.
b3 {[%clk 1:18:08]} g5 {[%clk 1:14:42]} 9. Nfd2 {[%clk 1:12:31]} Bg6 {[%clk
1:12:45]} 10. g4 {[%clk 1:03:03]} c5 {[%clk 1:10:17]} 11. c3 {[%clk 0:54:54]}
Nc6 {[%clk 1:09:30]} 12. a3 {[%clk 0:51:39]} cxd4 {[%clk 0:58:47]} 13. cxd4
{[%clk 0:51:53]} Be7 {[%clk 0:48:10]} 14. Nc3 {[%clk 0:49:45]} Ndxe5 {[%clk
0:40:36]} 15. dxe5 {[%clk 0:42:07]} d4 {[%clk 0:40:32]} 16. Bxd4 {[%clk
0:40:57]} Qxd4 {[%clk 0:31:21]} 17. Nb5 {[%clk 0:36:38]} Qxe5 {[%clk 0:31:26]}
18. Nc4 {[%clk 0:35:51]} Qf4 {[%clk 0:31:46]} 19. Ncd6+ {[%clk 0:31:04]} Kf8
{[%clk 0:31:16]} 20. Nxb7 {[%clk 0:30:42]} Bf6 {[%clk 0:30:13]} 21. Rc1 {[%clk
0:29:42]} Be5 {[%clk 0:30:18]} 0-1

[Event "DEM U14 2021"]
[Site "Willingen GER"]
[Date "2021.08.25"]
[Round "4"]
[White "Klühs, Gustaf"]
[Black "Foerster-Yialamas, Lucas"]
[Result "0-1"]
[Termination "normal"]
[Board "5"]
[BlackTitle "CM"]
[WhiteElo "1869"]
[BlackElo "1881"]
[WhiteClock "00:26:54"]
[BlackClock "00:12:52"]
[PlyCount "119"]
[WhiteFideId "16228936"]
[BlackFideId "30901774"]
[EventCountry "GER"]
[EventRounds "9"]
[EventType "swiss"]
[EventDate "2021.08.22"]

1. e4 {[%clk 1:30:54]} c5 {[%clk 1:30:59]} 2. Nf3 {[%clk 1:31:03]} d6 {[%clk
1:31:28]} 3. d4 {[%clk 1:31:28]} cxd4 {[%clk 1:31:53]} 4. Nxd4 {[%clk 1:31:54]}
Nf6 {[%clk 1:32:15]} 5. Nc3 {[%clk 1:32:21]} a6 {[%clk 1:32:39]} 6. Be3 {[%clk
1:32:49]} e5 {[%clk 1:33:00]} 7. Nb3 {[%clk 1:33:16]} Be6 {[%clk 1:33:25]} 8.
h3 {[%clk 1:33:38]} b5 {[%clk 1:32:00]} 9. f4 {[%clk 1:31:47]} exf4 {[%clk
1:29:33]} 10. Bxf4 {[%clk 1:29:50]} b4 {[%clk 1:28:19]} 11. Ne2 {[%clk
1:27:09]} Nxe4 {[%clk 1:25:33]} 12. Qd3 {[%clk 1:19:46]} d5 {[%clk 1:23:46]}
13. g3 {[%clk 1:19:49]} Be7 {[%clk 1:18:42]} 14. Bg2 {[%clk 1:19:59]} O-O
{[%clk 1:17:42]} 15. Ned4 {[%clk 1:18:27]} Qd7 {[%clk 1:11:47]} 16. Nxe6 {[%clk
1:14:26]} Qxe6 {[%clk 1:12:06]} 17. O-O {[%clk 1:13:58]} Nc6 {[%clk 1:09:57]}
18. Rfe1 {[%clk 1:12:01]} f5 {[%clk 1:09:56]} 19. Rad1 {[%clk 1:09:27]} Rfd8
{[%clk 1:08:46]} 20. Re2 {[%clk 1:00:17]} Bf6 {[%clk 1:04:32]} 21. Kh2 {[%clk
0:47:25]} Bxb2 {[%clk 1:01:29]} 22. Nc5 {[%clk 0:47:04]} Qf7 {[%clk 0:59:39]}
23. Na4 {[%clk 0:46:09]} Be5 {[%clk 0:57:57]} 24. Bxe5 {[%clk 0:44:42]} Nxe5
{[%clk 0:58:05]} 25. Qd4 {[%clk 0:44:41]} Nc4 {[%clk 0:51:57]} 26. Bxe4 {[%clk
0:43:32]} fxe4 {[%clk 0:52:09]} 27. Rxe4 {[%clk 0:40:39]} dxe4 {[%clk 0:50:47]}
28. Qxd8+ {[%clk 0:40:46]} Rxd8 {[%clk 0:51:15]} 29. Rxd8+ {[%clk 0:41:09]} Qf8
{[%clk 0:51:35]} 30. Rxf8+ {[%clk 0:41:34]} Kxf8 {[%clk 0:52:00]} 31. Nc5
{[%clk 0:41:49]} e3 {[%clk 0:52:23]} 32. Kg2 {[%clk 0:42:05]} a5 {[%clk
0:52:17]} 33. Kf3 {[%clk 0:42:11]} Ke7 {[%clk 0:51:16]} 34. Ke4 {[%clk
0:39:03]} e2 {[%clk 0:47:25]} 35. Nd3 {[%clk 0:39:29]} Nb2 {[%clk 0:47:18]} 36.
Ne1 {[%clk 0:39:56]} Kd6 {[%clk 0:46:37]} 37. Ke3 {[%clk 0:40:01]} Nd1+ {[%clk
0:45:54]} 38. Kxe2 {[%clk 0:40:18]} Nc3+ {[%clk 0:46:23]} 39. Kd3 {[%clk
0:40:42]} Nxa2 {[%clk 0:46:32]} 40. Kc4 {[%clk 0:41:10]} Nc3 {[%clk 0:45:27]}
41. Nd3 {[%clk 0:40:14]} Kc6 {[%clk 0:39:54]} 42. Ne5+ {[%clk 0:40:11]} Kb7
{[%clk 0:35:48]} 43. Nd7 {[%clk 0:38:14]} Ka6 {[%clk 0:35:06]} 44. Nc5+ {[%clk
0:38:33]} Kb6 {[%clk 0:34:57]} 45. Ne6 {[%clk 0:38:58]} Ne4 {[%clk 0:33:08]}
46. Nxg7 {[%clk 0:35:01]} Nxg3 {[%clk 0:31:02]} 47. Ne8 {[%clk 0:33:02]} Ne4
{[%clk 0:29:12]} 48. h4 {[%clk 0:31:41]} h6 {[%clk 0:28:04]} 49. Ng7 {[%clk
0:32:02]} Nd6+ {[%clk 0:26:27]} 50. Kb3 {[%clk 0:31:46]} Kb5 {[%clk 0:26:15]}
51. Ne6 {[%clk 0:31:55]} a4+ {[%clk 0:26:29]} 52. Kb2 {[%clk 0:32:11]} Ne4
{[%clk 0:25:02]} 53. Nf4 {[%clk 0:30:15]} Kc4 {[%clk 0:23:33]} 54. Ne2 {[%clk
0:29:53]} a3+ {[%clk 0:23:48]} 55. Ka1 {[%clk 0:30:04]} h5 {[%clk 0:19:12]} 56.
Nf4 {[%clk 0:29:00]} Nf6 {[%clk 0:12:18]} 57. Ne2 {[%clk 0:29:18]} Nd5 {[%clk
0:12:28]} 58. Nc1 {[%clk 0:27:53]} Kc3 {[%clk 0:12:26]} 59. Na2+ {[%clk
0:28:18]} Kd2 {[%clk 0:12:52]} 60. Nxb4 {[%clk 0:26:54]} 0-1

[Event "DEM U14 2021"]
[Site "Willingen GER"]
[Date "2021.08.25"]
[Round "4"]
[White "Hoppstädter, Daniel"]
[Black "Hagner, Bennet"]
[Result "0-1"]
[Termination "normal"]
[Board "6"]
[WhiteElo "1743"]
[BlackElo "2118"]
[WhiteClock "00:12:23"]
[BlackClock "00:20:36"]
[PlyCount "92"]
[WhiteFideId "16243625"]
[BlackFideId "16224477"]
[EventCountry "GER"]
[EventRounds "9"]
[EventType "swiss"]
[EventDate "2021.08.22"]

1. d4 {[%clk 1:30:58]} Nf6 {[%clk 1:30:54]} 2. c4 {[%clk 1:31:18]} e6 {[%clk
1:31:19]} 3. Nc3 {[%clk 1:31:41]} Bb4 {[%clk 1:31:44]} 4. f3 {[%clk 1:31:53]}
d5 {[%clk 1:31:54]} 5. a3 {[%clk 1:32:09]} Bxc3+ {[%clk 1:32:07]} 6. bxc3
{[%clk 1:32:36]} c5 {[%clk 1:32:12]} 7. cxd5 {[%clk 1:32:49]} Nxd5 {[%clk
1:32:33]} 8. dxc5 {[%clk 1:33:05]} Qa5 {[%clk 1:32:43]} 9. e4 {[%clk 1:32:48]}
Nf6 {[%clk 1:32:54]} 10. Be3 {[%clk 1:23:58]} Nfd7 {[%clk 1:33:06]} 11. Qd4
{[%clk 1:18:45]} O-O {[%clk 1:33:20]} 12. Qb4 {[%clk 1:18:56]} Qc7 {[%clk
1:33:41]} 13. Rd1 {[%clk 0:58:48]} b6 {[%clk 1:17:36]} 14. cxb6 {[%clk
0:58:24]} axb6 {[%clk 1:18:01]} 15. Bb5 {[%clk 0:51:02]} Na6 {[%clk 1:11:17]}
16. Qb2 {[%clk 0:43:33]} Nac5 {[%clk 1:08:12]} 17. Ne2 {[%clk 0:42:49]} Ba6
{[%clk 1:04:11]} 18. a4 {[%clk 0:35:00]} Ne5 {[%clk 0:52:06]} 19. Bxc5 {[%clk
0:33:34]} Qxc5 {[%clk 0:52:34]} 20. Bxa6 {[%clk 0:34:03]} Rxa6 {[%clk 0:52:50]}
21. Qb5 {[%clk 0:34:22]} Ra5 {[%clk 0:49:30]} 22. Qxc5 {[%clk 0:30:48]} bxc5
{[%clk 0:49:52]} 23. Kf2 {[%clk 0:26:05]} Rxa4 {[%clk 0:49:34]} 24. Ra1 {[%clk
0:25:53]} Rfa8 {[%clk 0:49:07]} 25. Rxa4 {[%clk 0:26:13]} Rxa4 {[%clk 0:49:35]}
26. Rb1 {[%clk 0:26:23]} g6 {[%clk 0:49:35]} 27. Rb5 {[%clk 0:25:25]} Ra2
{[%clk 0:41:55]} 28. h3 {[%clk 0:19:38]} Kg7 {[%clk 0:32:56]} 29. f4 {[%clk
0:14:25]} Nd7 {[%clk 0:27:40]} 30. Ke3 {[%clk 0:13:33]} h5 {[%clk 0:25:05]} 31.
g4 {[%clk 0:13:43]} hxg4 {[%clk 0:25:06]} 32. hxg4 {[%clk 0:14:11]} g5 {[%clk
0:22:54]} 33. f5 {[%clk 0:10:48]} Kf6 {[%clk 0:22:28]} 34. Ng3 {[%clk 0:10:47]}
Rg2 {[%clk 0:20:16]} 35. Kf3 {[%clk 0:09:31]} Rc2 {[%clk 0:20:38]} 36. Nh5+
{[%clk 0:08:10]} Ke7 {[%clk 0:19:55]} 37. Rb3 {[%clk 0:05:28]} c4 {[%clk
0:17:25]} 38. Ra3 {[%clk 0:05:40]} Rb2 {[%clk 0:16:00]} 39. Ke3 {[%clk
0:04:01]} Rb3 {[%clk 0:16:28]} 40. Ra4 {[%clk 0:02:59]} Rxc3+ {[%clk 0:16:00]}
41. Kd4 {[%clk 0:03:16]} Rc1 {[%clk 0:10:21]} 42. Ra7 {[%clk 0:30:06]} c3
{[%clk 0:36:10]} 43. e5 {[%clk 0:23:48]} Kd8 {[%clk 0:32:59]} 44. fxe6 {[%clk
0:22:35]} fxe6 {[%clk 0:33:06]} 45. Nf6 {[%clk 0:20:54]} Nxe5 {[%clk 0:20:36]}
46. Ne4 {[%clk 0:12:23]} Nc6+ 0-1

[Event "DEM U14 2021"]
[Site "Willingen GER"]
[Date "2021.08.25"]
[Round "4"]
[White "Rose, Daniel"]
[Black "Prieb, Robert"]
[Result "1-0"]
[Termination "normal"]
[Board "7"]
[BlackTitle "CM"]
[WhiteElo "1848"]
[BlackElo "1950"]
[WhiteClock "00:29:30"]
[BlackClock "00:25:43"]
[PlyCount "95"]
[WhiteFideId "16242963"]
[BlackFideId "16212002"]
[EventCountry "GER"]
[EventRounds "9"]
[EventType "swiss"]
[EventDate "2021.08.22"]

1. d4 {[%clk 1:30:59]} Nf6 {[%clk 1:30:49]} 2. c4 {[%clk 1:31:26]} g6 {[%clk
1:31:08]} 3. Nc3 {[%clk 1:31:51]} d5 {[%clk 1:31:23]} 4. cxd5 {[%clk 1:32:07]}
Nxd5 {[%clk 1:31:37]} 5. e3 {[%clk 1:32:15]} Bg7 {[%clk 1:30:58]} 6. g3 {[%clk
1:32:08]} Nxc3 {[%clk 1:27:52]} 7. bxc3 {[%clk 1:32:33]} c5 {[%clk 1:27:09]} 8.
Bg2 {[%clk 1:32:34]} O-O {[%clk 1:25:18]} 9. Ne2 {[%clk 1:31:59]} Nd7 {[%clk
1:22:17]} 10. O-O {[%clk 1:31:07]} Rb8 {[%clk 1:14:39]} 11. Rb1 {[%clk
1:25:29]} cxd4 {[%clk 1:12:02]} 12. exd4 {[%clk 1:23:11]} b6 {[%clk 1:06:26]}
13. Ba3 {[%clk 1:17:14]} Bb7 {[%clk 1:01:47]} 14. Bxb7 {[%clk 1:07:46]} Rxb7
{[%clk 1:02:10]} 15. Nf4 {[%clk 0:58:53]} Re8 {[%clk 0:59:36]} 16. Qf3 {[%clk
0:44:54]} Rc7 {[%clk 0:53:46]} 17. Nd5 {[%clk 0:39:51]} Rc8 {[%clk 0:51:21]}
18. Rfe1 {[%clk 0:38:44]} e5 {[%clk 0:45:24]} 19. Rbd1 {[%clk 0:31:10]} Rc4
{[%clk 0:33:39]} 20. dxe5 {[%clk 0:26:38]} Bxe5 {[%clk 0:26:38]} 21. Qd3 {[%clk
0:22:14]} Ra4 {[%clk 0:16:37]} 22. Ne7+ {[%clk 0:20:15]} Kg7 {[%clk 0:14:10]}
23. Qxd7 {[%clk 0:19:54]} Qxd7 {[%clk 0:13:54]} 24. Rxd7 {[%clk 0:20:18]} Bxc3
{[%clk 0:13:42]} 25. Nf5+ {[%clk 0:20:19]} gxf5 {[%clk 0:14:04]} 26. Rxe8
{[%clk 0:20:41]} Rxa3 {[%clk 0:14:26]} 27. Ree7 {[%clk 0:20:32]} a5 {[%clk
0:13:00]} 28. Rxf7+ {[%clk 0:20:55]} Kg6 {[%clk 0:13:13]} 29. Rfe7 {[%clk
0:20:32]} b5 {[%clk 0:11:47]} 30. Rd6+ {[%clk 0:20:50]} Kg5 {[%clk 0:12:04]}
31. h4+ {[%clk 0:14:48]} Kg4 {[%clk 0:12:18]} 32. Kg2 {[%clk 0:14:20]} Rxa2
{[%clk 0:10:34]} 33. Rxh7 {[%clk 0:12:22]} f4 {[%clk 0:09:46]} 34. Rg6+ {[%clk
0:09:08]} Kf5 {[%clk 0:10:08]} 35. Rg5+ {[%clk 0:06:02]} Ke4 {[%clk 0:09:12]}
36. Re7+ {[%clk 0:06:03]} Kd3 {[%clk 0:08:43]} 37. Rxb5 {[%clk 0:05:33]} Bd4
{[%clk 0:07:52]} 38. Rb3+ {[%clk 0:05:37]} Kc4 {[%clk 0:07:45]} 39. Rf3 {[%clk
0:05:58]} fxg3 {[%clk 0:07:20]} 40. Kxg3 {[%clk 0:05:27]} a4 {[%clk 0:06:30]}
41. Rf4 {[%clk 0:05:32]} Kc5 {[%clk 0:05:12]} 42. Rxd4 {[%clk 0:29:56]} Kxd4
{[%clk 0:35:32]} 43. Ra7 {[%clk 0:30:25]} Ra1 {[%clk 0:28:18]} 44. h5 {[%clk
0:29:55]} Kc3 {[%clk 0:27:03]} 45. h6 {[%clk 0:29:51]} Rh1 {[%clk 0:26:31]} 46.
Rxa4 {[%clk 0:30:10]} Rxh6 {[%clk 0:26:53]} 47. f4 {[%clk 0:30:08]} Kd3 {[%clk
0:25:43]} 48. f5 {[%clk 0:29:30]} 1-0

[Event "DEM U14 2021"]
[Site "Willingen GER"]
[Date "2021.08.25"]
[Round "4"]
[White "Stork, Christopher"]
[Black "Honstein, Michael"]
[Result "1/2-1/2"]
[Termination "normal"]
[Board "8"]
[WhiteElo "1885"]
[BlackElo "1810"]
[WhiteClock "00:02:47"]
[BlackClock "00:08:45"]
[PlyCount "137"]
[WhiteFideId "16215400"]
[BlackFideId "16287053"]
[EventCountry "GER"]
[EventRounds "9"]
[EventType "swiss"]
[EventDate "2021.08.22"]

1. e4 {[%clk 1:30:56]} e6 {[%clk 1:30:54]} 2. d4 {[%clk 1:31:13]} d5 {[%clk
1:31:18]} 3. Nd2 {[%clk 1:31:29]} c5 {[%clk 1:31:29]} 4. c3 {[%clk 1:31:19]}
Nc6 {[%clk 1:31:16]} 5. Ngf3 {[%clk 1:30:02]} cxd4 {[%clk 1:29:56]} 6. cxd4
{[%clk 1:29:26]} dxe4 {[%clk 1:29:26]} 7. Nxe4 {[%clk 1:29:28]} Nf6 {[%clk
1:29:41]} 8. Nxf6+ {[%clk 1:25:19]} Qxf6 {[%clk 1:29:30]} 9. Bd3 {[%clk
1:24:15]} Bb4+ {[%clk 1:27:42]} 10. Bd2 {[%clk 1:22:45]} Bxd2+ {[%clk 1:27:20]}
11. Qxd2 {[%clk 1:23:14]} O-O {[%clk 1:26:43]} 12. O-O {[%clk 1:22:28]} Rd8
{[%clk 1:24:38]} 13. Rfd1 {[%clk 1:19:25]} Bd7 {[%clk 1:20:04]} 14. Rac1 {[%clk
1:16:18]} Ne7 {[%clk 1:15:11]} 15. Be4 {[%clk 1:01:27]} Bc6 {[%clk 1:09:31]}
16. Qe2 {[%clk 0:57:20]} Rd6 {[%clk 0:59:40]} 17. Bxc6 {[%clk 0:45:31]} Nxc6
{[%clk 0:57:22]} 18. Qb5 {[%clk 0:42:54]} Qe7 {[%clk 0:47:50]} 19. Rd2 {[%clk
0:29:10]} Rad8 {[%clk 0:43:06]} 20. Rcd1 {[%clk 0:28:31]} Rd5 {[%clk 0:39:19]}
21. Qb3 {[%clk 0:25:29]} h6 {[%clk 0:37:40]} 22. h3 {[%clk 0:25:08]} R8d7
{[%clk 0:35:54]} 23. Qe3 {[%clk 0:23:01]} Qb4 {[%clk 0:31:14]} 24. Qc3 {[%clk
0:21:01]} Qa4 {[%clk 0:25:08]} 25. b3 {[%clk 0:18:38]} Qb5 {[%clk 0:23:32]} 26.
Qe3 {[%clk 0:15:33]} Rd8 {[%clk 0:20:10]} 27. g4 {[%clk 0:12:22]} Qa5 {[%clk
0:14:49]} 28. a4 {[%clk 0:10:26]} b5 {[%clk 0:14:18]} 29. Rc1 {[%clk 0:09:15]}
Qa6 {[%clk 0:10:30]} 30. axb5 {[%clk 0:08:26]} Qxb5 {[%clk 0:10:50]} 31. Rc5
{[%clk 0:07:54]} Qb6 {[%clk 0:09:20]} 32. Qc3 {[%clk 0:06:15]} R8d6 {[%clk
0:07:35]} 33. Kg2 {[%clk 0:05:37]} g6 {[%clk 0:04:58]} 34. b4 {[%clk 0:04:49]}
Qb7 {[%clk 0:03:31]} 35. Kg1 {[%clk 0:04:13]} a6 {[%clk 0:02:56]} 36. Rc4
{[%clk 0:03:18]} Rb5 {[%clk 0:02:06]} 37. Rc2 {[%clk 0:03:10]} Rb6 {[%clk
0:01:25]} 38. Rc5 {[%clk 0:02:47]} Kh7 {[%clk 0:01:19]} 39. d5 {[%clk 0:01:13]}
exd5 {[%clk 0:01:27]} 40. Re2 {[%clk 0:00:57]} d4 {[%clk 0:01:15]} 41. Qd2
{[%clk 0:29:04]} Qd7 {[%clk 0:26:55]} 42. Rc4 {[%clk 0:24:43]} Rb8 {[%clk
0:23:04]} 43. Re4 {[%clk 0:22:09]} Rd8 {[%clk 0:23:00]} 44. Qd3 {[%clk
0:20:46]} Qa7 {[%clk 0:21:46]} 45. g5 {[%clk 0:20:27]} h5 {[%clk 0:21:53]} 46.
Rf4 {[%clk 0:20:24]} Kg7 {[%clk 0:21:40]} 47. Rf6 {[%clk 0:18:09]} Qb6 {[%clk
0:19:15]} 48. Qe4 {[%clk 0:16:39]} Nxb4 {[%clk 0:11:54]} 49. Qe7 {[%clk
0:09:51]} Rxf6 {[%clk 0:10:24]} 50. gxf6+ {[%clk 0:07:57]} Qxf6 {[%clk
0:10:51]} 51. Qxf6+ {[%clk 0:07:11]} Kxf6 {[%clk 0:11:14]} 52. Rxb4 {[%clk
0:07:32]} d3 {[%clk 0:11:26]} 53. Nd2 {[%clk 0:05:26]} a5 {[%clk 0:08:26]} 54.
Ra4 {[%clk 0:04:09]} Rd5 {[%clk 0:07:57]} 55. Kf1 {[%clk 0:03:53]} Rb5 {[%clk
0:06:57]} 56. Ra3 {[%clk 0:03:16]} Rd5 {[%clk 0:07:10]} 57. Ke1 {[%clk
0:03:18]} Kf5 {[%clk 0:07:12]} 58. Ra4 {[%clk 0:03:40]} Re5+ {[%clk 0:07:09]}
59. Kd1 {[%clk 0:03:25]} Re2 {[%clk 0:07:22]} 60. Rxa5+ {[%clk 0:03:44]} Kf4
{[%clk 0:06:59]} 61. Ra4+ {[%clk 0:04:08]} Kf5 {[%clk 0:07:22]} 62. Ra5+ {[%clk
0:03:05]} Kf4 {[%clk 0:07:47]} 63. Ra7 {[%clk 0:02:58]} f5 {[%clk 0:08:08]} 64.
Ra4+ {[%clk 0:03:21]} Kg5 {[%clk 0:07:57]} 65. h4+ Kf6 {[%clk 0:08:10]} 66. Rf4
{[%clk 0:02:39]} g5 {[%clk 0:08:18]} 67. hxg5+ {[%clk 0:02:54]} Kxg5 {[%clk
0:08:46]} 68. Rf3 {[%clk 0:02:54]} Kg4 {[%clk 0:08:45]} 69. Rg3+ {[%clk
0:02:47]} 1/2-1/2